[Event "448. Wednesday (05.08.2020)"]
[Site "Official B"]
[Date "2020.08.05"]
[Round "3"]
[White "W0rthl33s"]
[Black "Holzpferd"]
[Result "1-0"]
[WhiteElo "1501"]
[BlackElo "1455"]
[Annotator "NA RC"]
[PlyCount "117"]
[EventDate "2020.08.05"]
[EventType "swiss (blitz)"]

1. Nf3 {[%emt 0:00:12]} Nf6 {[%emt 0:00:02]} 2. d4 {[%emt 0:00:01]} d5 {[%emt 0:00:02]} 3. e3 {[%emt 0:00:01]} g6 {[%emt 0:00:01]} 4. Nbd2 {[%emt 0:00:01]} Bg7 {[%emt 0:00:01]} 5. g3 {[%emt 0:00:01]} O-O {[%emt 0:00:01]} 6. Bg2 {[%emt 0:00:01]} b6 {[%emt 0:00:02]} 7. O-O {[%emt 0:00:00]} Bb7 {[%emt 0:00:01]} 8. b3 {[%emt 0:00:01]} Nbd7 {[%emt 0:00:01]} 9. Bb2 {[%emt 0:00:00]} e6 {[%emt 0:00:03]} 10. Rc1 {[%emt 0:00:04]} c5 {[%emt 0:00:02]} 11. c4 {[%emt 0:00:02]} cxd4 {[%emt 0:00:03]} 12. Nxd4 {[%emt 0:00:09]} Rc8 {[%emt 0:00:06]} 13. Nb5 {[%emt 0:00:07]} Qe7 {[%emt 0:00:56]} 14. cxd5 {[%emt 0:00:10]} Bxd5 {[%emt 0:00:09]} 15. Bxd5 {[%emt 0:00:05]} Nxd5 {[%emt 0:00:02]} 16. Nxa7 {[%emt 0:00:14]} Ra8 {[%emt 0:00:03]} 17. Nc6 {[%emt 0:00:02]} Qd6 {[%emt 0:00:08]} 18. Bxg7 {[%emt 0:00:09]} Kxg7 {[%emt 0:00:03]} 19. Ne4 {[%emt 0:00:02]} Qa3 {[%emt 0:00:15]} 20. Qe2 {[%emt 0:00:25]} Qxa2 {[%emt 0:00:06]} 21. Qxa2 {[%emt 0:00:02]} Rxa2 {[%emt 0:00:02]} 22. Ra1 {[%emt 0:00:02]} Rfa8 {[%emt 0:00:02]} 23. Rac1 {[%emt 0:00:16]} Rb2 {[%emt 0:00:08]} 24. b4 {[%emt 0:00:07]} Raa2 {[%emt 0:00:04]} 25. Nd4 {[%emt 0:00:07]} Nxe3 {[%emt 0:00:13]} 26. Rfe1 {[%emt 0:00:17]} Nd5 {[%emt 0:00:16]} 27. Nc3 {[%emt 0:00:23]} Nxc3 {[%emt 0:00:12]} 28. Rxc3 {[%emt 0:00:00]} Rxf2 {[%emt 0:00:03]} 29. Rc7 {[%emt 0:00:03]} Rg2+ {[%emt 0:00:05]} 30. Kh1 {[%emt 0:00:07]} Rxh2+ {[%emt 0:00:01]} 31. Kg1 {[%emt 0:00:01]} Rhg2+ {[%emt 0:00:04]} 32. Kh1 {[%emt 0:00:02]} Nf8 {[%emt 0:00:11]} 33. Nxe6+ {[%emt 0:00:20]} Nxe6 {[%emt 0:00:03]} 34. Rxe6 {[%emt 0:00:00]} Rgb2 {[%emt 0:00:10]} 35. Re1 {[%emt 0:00:03]} Rxb4 {[%emt 0:00:04]} 36. Rf1 {[%emt 0:00:02]} h5 {[%emt 0:00:14]} 37. Rfxf7+ {[%emt 0:00:03]} Kh6 {[%emt 0:00:01]} 38. Rc1 {[%emt 0:00:05]} Kg5 {[%emt 0:00:03]} 39. Rd7 {[%emt 0:00:04]} Rbb2 {[%emt 0:00:05]} 40. Rd5+ {[%emt 0:00:09]} Kg4 {[%emt 0:00:01]} 41. Rd4+ {[%emt 0:00:01]} Kxg3 {[%emt 0:00:02]} 42. Rg1+ {[%emt 0:00:02]} Kh3 {[%emt 0:00:09]} 43. Rd3+ {[%emt 0:00:03]} Kh4 {[%emt 0:00:04]} 44. Re1 {[%emt 0:00:07]} Rg2 {[%emt 0:00:13]} 45. Rb3 {[%emt 0:00:05]} Rab2 {[%emt 0:00:03]} 46. Rc3 {[%emt 0:00:02]} Rg4 {[%emt 0:00:06]} 47. Rd3 {[%emt 0:00:04]} b5 {[%emt 0:00:01]} 48. Ree3 {[%emt 0:00:05]} b4 {[%emt 0:00:02]} 49. Rh3+ {[%emt 0:00:04]} Kg5 {[%emt 0:00:01]} 50. Rd5+ {[%emt 0:00:02]} Kh6 {[%emt 0:00:01]} 51. Rd1 {[%emt 0:00:01]} b3 {[%emt 0:00:01]} 52. Rhd3 {[%emt 0:00:02]} Rgg2 {[%emt 0:00:01]} 53. Rd6 {[%emt 0:00:03]} h4 {[%emt 0:00:01]} 54. R6d3 {[%emt 0:00:02]} Kh5 {[%emt 0:00:00]} 55. Rd5+ {[%emt 0:00:01]} g5 {[%emt 0:00:00]} 56. Rd8 {[%emt 0:00:02]} h3 {[%emt 0:00:00]} 57. Rh8+ {[%emt 0:00:01]} Kg4 {[%emt 0:00:00]} 58. Rhd8 {[%emt 0:00:02]} h2 {[%emt 0:00:01]} 59. R8d4+ {[%emt 0:00:01] Zeit (Lag: Av=0.64s, max=1.1s)} 1-0

[Event "448. Wednesday (05.08.2020)"]
[Site "Official B"]
[Date "2020.08.05"]
[Round "3"]
[White "Verteidigung"]
[Black "AgentsofShield"]
[Result "0-1"]
[WhiteElo "1464"]
[BlackElo "1770"]
[Annotator "NA RC"]
[PlyCount "74"]
[EventDate "2020.08.05"]
[EventType "swiss (blitz)"]

1. c4 {[%emt 0:00:03]} Nf6 {[%emt 0:00:15]} 2. Nc3 {[%emt 0:00:02]} d6 {[%emt 0:00:07]} 3. g3 {[%emt 0:00:04]} g6 {[%emt 0:00:00]} 4. Bg2 {[%emt 0:00:02]} Bg7 {[%emt 0:00:01]} 5. Nf3 {[%emt 0:00:03]} O-O {[%emt 0:00:00]} 6. O-O {[%emt 0:00:03]} e5 {[%emt 0:00:00]} 7. d3 {[%emt 0:00:01]} Nc6 {[%emt 0:00:00]} 8. Rb1 {[%emt 0:00:02]} a5 {[%emt 0:00:01]} 9. a3 {[%emt 0:00:02]} Bd7 {[%emt 0:00:01]} 10. b4 {[%emt 0:00:04]} axb4 {[%emt 0:00:00]} 11. axb4 {[%emt 0:00:01]} Qc8 {[%emt 0:00:00]} 12. Re1 {[%emt 0:00:12]} Bh3 {[%emt 0:00:02]} 13. Bh1 {[%emt 0:00:23]} Re8 {[%emt 0:00:15]} 14. b5 {[%emt 0:00:06]} Na5 {[%emt 0:00:06]} 15. Bg5 {[%emt 0:00:26]} h6 {[%emt 0:00:03]} 16. Bxf6 {[%emt 0:00:02]} Bxf6 {[%emt 0:00:00]} 17. Nd5 {[%emt 0:00:09]} Bd8 {[%emt 0:00:01]} 18. Qd2 {[%emt 0:00:08]} Kg7 {[%emt 0:00:05]} 19. Ra1 {[%emt 0:00:14]} Nb3 {[%emt 0:00:12]} 20. Rxa8 {[%emt 0:00:02]} Nxd2 {[%emt 0:00:05]} 21. Rxc8 {[%emt 0:00:05]} Nxf3+ {[%emt 0:00:00]} 22. Bxf3 {[%emt 0:00:02]} Bxc8 {[%emt 0:00:00]} 23. Ra1 {[%emt 0:00:09]} Bg5 {[%emt 0:00:28]} 24. Ra8 {[%emt 0:00:14]} c6 {[%emt 0:00:05]} 25. Nb6 {[%emt 0:00:05]} Bd7 {[%emt 0:00:06]} 26. bxc6 {[%emt 0:00:18]} bxc6 {[%emt 0:00:03]} 27. Kg2 {[%emt 0:00:42]} Rxa8 {[%emt 0:00:08]} 28. Nxa8 {[%emt 0:00:03]} Bd8 {[%emt 0:00:00]} 29. e3 {[%emt 0:00:26]} f5 {[%emt 0:00:02]} 30. Kf1 {[%emt 0:00:09]} Kf6 {[%emt 0:00:04]} 31. Ke2 {[%emt 0:00:01]} Ba5 {[%emt 0:00:11]} 32. Kd1 {[%emt 0:00:08]} Ke6 {[%emt 0:00:04]} 33. h3 {[%emt 0:00:10]} d5 {[%emt 0:00:04]} 34. g4 {[%emt 0:00:10]} e4 {[%emt 0:00:09]} 35. dxe4 {[%emt 0:00:05]} fxe4 {[%emt 0:00:12]} 36. Be2 {[%emt 0:00:04]} Bc8 {[%emt 0:00:01]} 37. cxd5+ {[%emt 0:00:04]} cxd5 {[%emt 0:00:00] Zeit (Lag: Av=0.71s, max=1.2s)} 0-1

[Event "448. Wednesday (05.08.2020)"]
[Site "Official B"]
[Date "2020.08.05"]
[Round "3"]
[White "Weissi"]
[Black "Sadbat1122"]
[Result "1-0"]
[WhiteElo "1424"]
[BlackElo "1590"]
[Annotator "NA RC"]
[PlyCount "81"]
[EventDate "2020.08.05"]
[EventType "swiss (blitz)"]

1. d4 {[%emt 0:00:04]} e6 {[%emt 0:00:05]} 2. c4 {[%emt 0:00:01]} d5 {[%emt 0:00:03]} 3. Nf3 {[%emt 0:00:01]} Nf6 {[%emt 0:00:02]} 4. Nc3 {[%emt 0:00:01]} Nbd7 {[%emt 0:00:03]} 5. Bg5 {[%emt 0:00:03]} c6 {[%emt 0:00:02]} 6. e3 {[%emt 0:00:01]} Bb4 {[%emt 0:00:03]} 7. Qc2 {[%emt 0:00:05]} Qa5 {[%emt 0:00:02]} 8. Bxf6 {[%emt 0:00:09]} Nxf6 {[%emt 0:00:04]} 9. Bd3 {[%emt 0:00:07]} dxc4 {[%emt 0:00:02]} 10. Bxc4 {[%emt 0:00:09]} Nd5 {[%emt 0:00:03]} 11. Bxd5 {[%emt 0:00:16]} exd5 {[%emt 0:00:03]} 12. O-O {[%emt 0:00:02]} O-O {[%emt 0:00:02]} 13. a3 {[%emt 0:00:23]} Bd6 {[%emt 0:00:03]} 14. h3 {[%emt 0:00:07]} Qd8 {[%emt 0:00:02]} 15. Rfe1 {[%emt 0:00:10]} Re8 {[%emt 0:00:13]} 16. Rad1 {[%emt 0:00:15]} Qf6 {[%emt 0:00:06]} 17. e4 {[%emt 0:00:06]} dxe4 {[%emt 0:00:07]} 18. Nxe4 {[%emt 0:00:06]} Qd8 {[%emt 0:00:25]} 19. Nxd6 {[%emt 0:00:18]} Rxe1+ {[%emt 0:00:07]} 20. Rxe1 {[%emt 0:00:02]} Bxh3 {[%emt 0:00:10]} 21. Re8+ {[%emt 0:00:10]} Qxe8 {[%emt 0:00:03]} 22. Nxe8 {[%emt 0:00:02]} Rxe8 {[%emt 0:00:11]} 23. gxh3 {[%emt 0:00:01]} f6 {[%emt 0:00:03]} 24. Qc4+ {[%emt 0:00:05]} Kf8 {[%emt 0:00:02]} 25. Qb4+ {[%emt 0:00:08]} Re7 {[%emt 0:00:03]} 26. Kg2 {[%emt 0:00:08]} Kf7 {[%emt 0:00:04]} 27. Qc4+ {[%emt 0:00:05]} Kf8 {[%emt 0:00:05]} 28. b4 {[%emt 0:00:04]} a6 {[%emt 0:00:05]} 29. a4 {[%emt 0:00:02]} Ke8 {[%emt 0:00:11]} 30. b5 {[%emt 0:00:02]} axb5 {[%emt 0:00:10]} 31. axb5 {[%emt 0:00:02]} cxb5 {[%emt 0:00:02]} 32. Qxb5+ {[%emt 0:00:01]} Kf7 {[%emt 0:00:07]} 33. d5 {[%emt 0:00:04]} Kg6 {[%emt 0:00:04]} 34. d6 {[%emt 0:00:08]} Re4 {[%emt 0:00:05]} 35. Qd3 {[%emt 0:00:03]} f5 {[%emt 0:00:02]} 36. d7 {[%emt 0:00:02]} Kf6 {[%emt 0:00:03]} 37. d8=Q+ {[%emt 0:00:01]} Kf7 {[%emt 0:00:02]} 38. Q3d7+ {[%emt 0:00:08]} Kg6 {[%emt 0:00:02]} 39. Q8e8+ {[%emt 0:00:04]} Kh6 {[%emt 0:00:02]} 40. Qg8 {[%emt 0:00:07]} g6 {[%emt 0:00:04]} 41. Qgxh7# {[%emt 0:00:02] (Lag: Av=0.74s, max=1.3s)} 1-0

[Event "448. Wednesday (05.08.2020)"]
[Site "Official B"]
[Date "2020.08.05"]
[Round "3"]
[White "Scharmacher"]
[Black "Watchel"]
[Result "1/2-1/2"]
[WhiteElo "1398"]
[BlackElo "1655"]
[Annotator "NA RC"]
[PlyCount "100"]
[EventDate "2020.08.05"]
[EventType "swiss (blitz)"]

1. d4 {[%emt 0:00:02]} Nf6 {[%emt 0:00:02]} 2. Nf3 {[%emt 0:00:02]} d5 {[%emt 0:00:01]} 3. g3 {[%emt 0:00:01]} b6 {[%emt 0:00:04]} 4. Bg2 {[%emt 0:00:02]} Bb7 {[%emt 0:00:01]} 5. O-O {[%emt 0:00:01]} e6 {[%emt 0:00:01]} 6. Nbd2 {[%emt 0:00:01]} c5 {[%emt 0:00:02]} 7. dxc5 {[%emt 0:00:02]} Bxc5 {[%emt 0:00:02]} 8. a3 {[%emt 0:00:02]} O-O {[%emt 0:00:02]} 9. b4 {[%emt 0:00:01]} Be7 {[%emt 0:00:06]} 10. Bb2 {[%emt 0:00:02]} Nbd7 {[%emt 0:00:01]} 11. Rc1 {[%emt 0:00:03]} Rc8 {[%emt 0:00:01]} 12. c4 {[%emt 0:00:02]} dxc4 {[%emt 0:00:01]} 13. Nxc4 {[%emt 0:00:02]} h6 {[%emt 0:00:10]} 14. e3 {[%emt 0:00:02]} a5 {[%emt 0:00:05]} 15. bxa5 {[%emt 0:00:03]} bxa5 {[%emt 0:00:02]} 16. Nce5 {[%emt 0:00:02]} Nxe5 {[%emt 0:00:03]} 17. Nxe5 {[%emt 0:00:02]} Bxg2 {[%emt 0:00:02]} 18. Kxg2 {[%emt 0:00:02]} Rxc1 {[%emt 0:00:06]} 19. Qxc1 {[%emt 0:00:03]} Qd5+ {[%emt 0:00:02]} 20. f3 {[%emt 0:00:04]} Rd8 {[%emt 0:00:03]} 21. Nc6 {[%emt 0:00:04]} Qd2+ {[%emt 0:00:07]} 22. Qxd2 {[%emt 0:00:05]} Rxd2+ {[%emt 0:00:03]} 23. Rf2 {[%emt 0:00:01]} Rxf2+ {[%emt 0:00:05]} 24. Kxf2 {[%emt 0:00:02]} Bc5 {[%emt 0:00:06]} 25. Nxa5 {[%emt 0:00:05]} Nd5 {[%emt 0:00:02]} 26. Bd4 {[%emt 0:00:04]} Bxa3 {[%emt 0:00:01]} 27. Nc4 {[%emt 0:00:04]} Bc1 {[%emt 0:00:06]} 28. Ke2 {[%emt 0:00:05]} f6 {[%emt 0:00:10]} 29. e4 {[%emt 0:00:01]} Nb4 {[%emt 0:00:11]} 30. e5 {[%emt 0:00:04]} fxe5 {[%emt 0:00:06]} 31. Bxe5 {[%emt 0:00:02]} Bg5 {[%emt 0:00:02]} 32. f4 {[%emt 0:00:02]} Bf6 {[%emt 0:00:01]} 33. Ke3 {[%emt 0:00:06]} Kf7 {[%emt 0:00:03]} 34. Bxf6 {[%emt 0:00:02]} gxf6 {[%emt 0:00:02]} 35. h3 {[%emt 0:00:02]} Nd5+ {[%emt 0:00:02] Scharmacher bietet Remis} 36. Ke4 {[%emt 0:00:02]} Ke7 {[%emt 0:00:04]} 37. g4 {[%emt 0:00:02]} Nc3+ {[%emt 0:00:05]} 38. Kd4 {[%emt 0:00:03]} Ne2+ {[%emt 0:00:02]} 39. Ke3 {[%emt 0:00:02]} Ng1 {[%emt 0:00:01]} 40. h4 {[%emt 0:00:01]} Nh3 {[%emt 0:00:06]} 41. g5 {[%emt 0:00:02]} fxg5 {[%emt 0:00:04]} 42. fxg5 {[%emt 0:00:02]} hxg5 {[%emt 0:00:01]} 43. hxg5 {[%emt 0:00:01]} Nxg5 {[%emt 0:00:02]} 44. Kf4 {[%emt 0:00:04]} Kf6 {[%emt 0:00:02]} 45. Ne3 {[%emt 0:00:02]} Nf7 {[%emt 0:00:04]} 46. Ng4+ {[%emt 0:00:02]} Kg6 {[%emt 0:00:07]} 47. Ne3 {[%emt 0:00:01]} e5+ {[%emt 0:00:06]} 48. Ke4 {[%emt 0:00:02]} Kf6 {[%emt 0:00:03]} 49. Ng4+ {[%emt 0:00:02]} Ke6 {[%emt 0:00:01]} 50. Nxe5 {[%emt 0:00:01]} Nxe5 {[%emt 0:00:01] (Lag: Av=0.33s, max=0.6s)} 1/2-1/2

[Event "448. Wednesday (05.08.2020)"]
[Site "Official B"]
[Date "2020.08.05"]
[Round "3"]
[White "W Nelles"]
[Black "Belmonte"]
[Result "0-1"]
[WhiteElo "1346"]
[BlackElo "1379"]
[Annotator "NA RC"]
[PlyCount "58"]
[EventDate "2020.08.05"]
[EventType "swiss (blitz)"]

1. e4 {[%emt 0:00:03]} c5 {[%emt 0:00:01]} 2. Bc4 {[%emt 0:00:05]} d6 {[%emt 0:00:01]} 3. Qh5 {[%emt 0:00:03]} e6 {[%emt 0:00:04]} 4. Nf3 {[%emt 0:00:03]} Nf6 {[%emt 0:00:02]} 5. Qh4 {[%emt 0:00:05]} Be7 {[%emt 0:00:09]} 6. g4 {[%emt 0:00:08]} Nxe4 {[%emt 0:00:14]} 7. d3 {[%emt 0:00:06]} Bxh4 {[%emt 0:00:02]} 8. dxe4 {[%emt 0:00:03]} Nc6 {[%emt 0:00:09]} 9. c3 {[%emt 0:00:06]} d5 {[%emt 0:00:11]} 10. exd5 {[%emt 0:00:03]} exd5 {[%emt 0:00:02]} 11. Bb5 {[%emt 0:00:02]} O-O {[%emt 0:00:07]} 12. Nbd2 {[%emt 0:00:08]} Re8+ {[%emt 0:00:08]} 13. Kd1 {[%emt 0:00:06]} Bxg4 {[%emt 0:00:05]} 14. Rg1 {[%emt 0:00:08]} Bxf3+ {[%emt 0:00:20]} 15. Nxf3 {[%emt 0:00:03]} Qf6 {[%emt 0:00:15]} 16. Nxh4 {[%emt 0:00:18]} Qxh4 {[%emt 0:00:03]} 17. Be3 {[%emt 0:00:09]} a6 {[%emt 0:00:16]} 18. Bd3 {[%emt 0:00:16]} Ne5 {[%emt 0:00:27]} 19. Be2 {[%emt 0:00:26]} d4 {[%emt 0:00:30]} 20. cxd4 {[%emt 0:00:05]} cxd4 {[%emt 0:00:03]} 21. Bg5 {[%emt 0:00:12]} Qe4 {[%emt 0:00:13]} 22. Bf6 {[%emt 0:00:07]} Ng6 {[%emt 0:00:10]} 23. Re1 {[%emt 0:00:22]} gxf6 {[%emt 0:00:12]} 24. f3 {[%emt 0:00:08]} Qf4 {[%emt 0:00:14]} 25. Rc1 {[%emt 0:00:06]} Rac8 {[%emt 0:00:04]} 26. Rc4 {[%emt 0:00:06]} Rxc4 {[%emt 0:00:02]} 27. Bxc4 {[%emt 0:00:04]} Rxe1+ {[%emt 0:00:02]} 28. Kxe1 {[%emt 0:00:03]} Qc1+ {[%emt 0:00:03]} 29. Kf2 {[%emt 0:00:12]} Qxc4 {[%emt 0:00:01] W Nelles gibt auf (Lag: Av=0.58s, max=0.8s)} 0-1

[Event "448. Wednesday (05.08.2020)"]
[Site "Official B"]
[Date "2020.08.05"]
[Round "3"]
[White "Rainer Günnel"]
[Black "Schaumi"]
[Result "0-1"]
[WhiteElo "1342"]
[BlackElo "1753"]
[Annotator "NA RC"]
[PlyCount "96"]
[EventDate "2020.08.05"]
[EventType "swiss (blitz)"]

1. d4 {[%emt 0:00:01]} Nf6 {[%emt 0:00:24]} 2. c4 {[%emt 0:00:05]} e6 {[%emt 0:00:01]} 3. Nc3 {[%emt 0:00:01]} Bb4 {[%emt 0:00:03]} 4. Nf3 {[%emt 0:00:01]} O-O {[%emt 0:00:05]} 5. Bg5 {[%emt 0:00:01]} c5 {[%emt 0:00:03]} 6. dxc5 {[%emt 0:00:03]} Bxc3+ {[%emt 0:00:08]} 7. bxc3 {[%emt 0:00:02]} Qa5 {[%emt 0:00:01]} 8. Bxf6 {[%emt 0:00:03]} gxf6 {[%emt 0:00:02]} 9. Qc2 {[%emt 0:00:02]} Na6 {[%emt 0:00:06]} 10. e3 {[%emt 0:00:03]} Nxc5 {[%emt 0:00:02]} 11. Be2 {[%emt 0:00:12]} b6 {[%emt 0:00:05]} 12. O-O {[%emt 0:00:03]} Bb7 {[%emt 0:00:02]} 13. Nd4 {[%emt 0:00:02]} Be4 {[%emt 0:00:05]} 14. Qb2 {[%emt 0:00:08]} Na4 {[%emt 0:00:05]} 15. Qb4 {[%emt 0:00:10]} Nxc3 {[%emt 0:00:03]} 16. Qxa5 {[%emt 0:00:04]} Nxe2+ {[%emt 0:00:02]} 17. Nxe2 {[%emt 0:00:01]} bxa5 {[%emt 0:00:01]} 18. Nd4 {[%emt 0:00:07]} Rfc8 {[%emt 0:00:06]} 19. Rfc1 {[%emt 0:00:04]} a6 {[%emt 0:00:07]} 20. f3 {[%emt 0:00:08]} Bd3 {[%emt 0:00:01]} 21. c5 {[%emt 0:00:04]} Rc7 {[%emt 0:00:03]} 22. Rc3 {[%emt 0:00:05]} Bg6 {[%emt 0:00:09]} 23. Rac1 {[%emt 0:00:10]} Rac8 {[%emt 0:00:02]} 24. Nb3 {[%emt 0:00:02]} a4 {[%emt 0:00:02]} 25. Nd4 {[%emt 0:00:05]} e5 {[%emt 0:00:12]} 26. Ne2 {[%emt 0:00:07]} d6 {[%emt 0:00:01]} 27. c6 {[%emt 0:00:06]} Kf8 {[%emt 0:00:06]} 28. e4 {[%emt 0:00:01]} Ke7 {[%emt 0:00:02]} 29. Rc4 {[%emt 0:00:03]} f5 {[%emt 0:00:02]} 30. Rxa4 {[%emt 0:00:03]} fxe4 {[%emt 0:00:02]} 31. fxe4 {[%emt 0:00:03]} Rxc6 {[%emt 0:00:01]} 32. Rxc6 {[%emt 0:00:03]} Rxc6 {[%emt 0:00:01]} 33. h3 {[%emt 0:00:02]} f5 {[%emt 0:00:05]} 34. exf5 {[%emt 0:00:02]} Bxf5 {[%emt 0:00:01]} 35. Ng3 {[%emt 0:00:01]} Be6 {[%emt 0:00:05]} 36. Ne4 {[%emt 0:00:06]} Rc4 {[%emt 0:00:07]} 37. Rxc4 {[%emt 0:00:09]} Bxc4 {[%emt 0:00:01]} 38. a3 {[%emt 0:00:01]} d5 {[%emt 0:00:06]} 39. Nd2 {[%emt 0:00:02]} Bb5 {[%emt 0:00:07]} 40. Kf2 {[%emt 0:00:02]} Kd6 {[%emt 0:00:04]} 41. h4 {[%emt 0:00:06]} d4 {[%emt 0:00:05]} 42. g3 {[%emt 0:00:04]} Kd5 {[%emt 0:00:02]} 43. g4 {[%emt 0:00:08]} e4 {[%emt 0:00:02]} 44. Ke1 {[%emt 0:00:03]} e3 {[%emt 0:00:07]} 45. Nf3 {[%emt 0:00:05]} d3 {[%emt 0:00:04]} 46. g5 {[%emt 0:00:03]} Ke4 {[%emt 0:00:10]} 47. Nh2 {[%emt 0:00:10]} d2+ {[%emt 0:00:02]} 48. Kd1 {[%emt 0:00:04]} Ba4+ {[%emt 0:00:02] Rainer Günnel gibt auf (Lag: Av=0.24s, max=0.7s)} 0-1

[Event "448. Wednesday (05.08.2020)"]
[Site "Official B"]
[Date "2020.08.05"]
[Round "4"]
[White "Jhhonnyy"]
[Black "Károly Lajosné"]
[Result "1-0"]
[WhiteElo "2156"]
[BlackElo "1980"]
[Annotator "TA"]
[PlyCount "111"]
[EventDate "2020.08.05"]
[EventType "swiss (blitz)"]

{[%evp 10,110,101,101,143,128,133,134,190,191,520,521,511,519,506,458,465,460,577,570,656,641,646,671,657,611,633,616,691,680,706,715,760,747,755,744,934,939,903,883,1221,908,970,636,611,621,758,625,729,648,722,708,954,947,860,0,939,914,880,862,939,935,941,931,927,866,1432,1260,5031,5039,2246,1942,29975,29976,29976,29977,29977,29978,29978,29979,29978,29979,29980,29982,29982,29983,29984,29985,29985,29986,29986,29987,29990,29991,29993,29994,29996,29997,29997,29998,29998,29999,29999]} 1. d4 Nf6 2. c4 e5 3. dxe5 Ng4 4. Bf4 Nc6 5. Nf3 Bc5 6. e3 f6 {[%cal Rg4e5] A52: Budapest Gambit.} 7. Nc3 Bb4 {[%cal Rf6e5]} 8. exf6 Qxf6 (8... Nxf6 $16 {was called for.} 9. Bd3 Bxc3+ 10. bxc3 d6) 9. Rc1 $18 {[#]} ({Weaker is} 9. Bxc7 d6 $14) 9... Nxf2 $146 (9... Bxc3+ {is a better chance.} 10. Rxc3 d6) ({Predecessor:} 9... O-O 10. Be2 d6 11. O-O Bxc3 12. Rxc3 Nce5 13. h3 Nxf3+ 14. Bxf3 Ne5 15. Bxe5 dxe5 {1-0 (46) Firnigel,J (2004)-Repasi,D Hungary 2005}) 10. Kxf2 {[#] Nd5 is the strong threat.} Bxc3 11. Rxc3 d6 12. Be2 O-O 13. Rf1 g5 14. Qd5+ {[%mdl 64] [#] Double Attack} Be6 15. Qxg5+ Kh8 16. Qxf6+ Rxf6 17. Kg1 Rg8 18. Bg3 Rfg6 19. Nd4 Nxd4 20. exd4 Bg4 21. Bxg4 Rxg4 22. c5 Rxd4 23. cxd6 cxd6 24. Rc7 Rd2 25. Rd7 Rc8 26. Rxd6 Rxd6 27. Bxd6 {[%mdl 4096] Endgame KRB-KR} Rc2 28. Be5+ Kg8 29. Bc3 b6 30. h3 a5 31. Rf2 Rc1+ 32. Rf1 Rc2 $1 33. Rf6 b5 34. Bxa5 Rxb2 35. a3 {[%cal Ba2a3,Ba3a4,Ba4a5,Ba5a6][%mdl 32]} Rb3 36. Bb4 Kg7 37. Rb6 h5 38. Rxb5 {Threatening mate with Bf8+!} Kg6 39. a4 Rb1+ 40. Kh2 h4 41. a5 {White mates.} Ra1 42. Rb6+ Kf5 43. a6 Ke4 44. Be7 Ra2 45. Bxh4 Kd5 46. Bg3 Kc5 47. Rg6 Kd5 48. h4 Ke4 49. h5 Kf5 50. Rc6 Kg5 51. h6 Kg4 52. h7 Ra3 53. h8=Q Rxg3 54. Qd4+ Kh5 55. Kxg3 {[%csl Gg3][%cal Rd4h4]} Kg5 56. Qd5# {White took control after the opening. Accuracy: White = 71%, Black = 27%.} 1-0

[Event "448. Wednesday (05.08.2020)"]
[Site "Official B"]
[Date "2020.08.05"]
[Round "4"]
[White "klausen"]
[Black "Gaurav306"]
[Result "1-0"]
[WhiteElo "1977"]
[BlackElo "1965"]
[Annotator "NA RC"]
[PlyCount "93"]
[EventDate "2020.08.05"]
[EventType "swiss (blitz)"]

1. d4 {[%emt 0:00:03]} d5 {[%emt 0:00:01]} 2. Nf3 {[%emt 0:00:02]} Nf6 {[%emt 0:00:01]} 3. c4 {[%emt 0:00:01]} e6 {[%emt 0:00:01]} 4. Nc3 {[%emt 0:00:02]} Be7 {[%emt 0:00:01]} 5. Bg5 {[%emt 0:00:02]} Nbd7 {[%emt 0:00:03]} 6. e3 {[%emt 0:00:02]} O-O {[%emt 0:00:03]} 7. Rc1 {[%emt 0:00:03]} h6 {[%emt 0:00:02]} 8. Bh4 {[%emt 0:00:02]} a6 {[%emt 0:00:05]} 9. Bd3 {[%emt 0:00:02]} dxc4 {[%emt 0:00:01]} 10. Bxc4 {[%emt 0:00:02]} b5 {[%emt 0:00:01]} 11. Bd3 {[%emt 0:00:01]} Bb7 {[%emt 0:00:01]} 12. O-O {[%emt 0:00:02]} c5 {[%emt 0:00:01]} 13. Qe2 {[%emt 0:00:02]} Rc8 {[%emt 0:00:14]} 14. Rfd1 {[%emt 0:00:02]} Qa5 {[%emt 0:00:01]} 15. a3 {[%emt 0:00:08]} b4 {[%emt 0:00:04]} 16. Nb1 {[%emt 0:00:18]} cxd4 {[%emt 0:00:15]} 17. exd4 {[%emt 0:00:07]} Qh5 {[%emt 0:00:12]} 18. Bg3 {[%emt 0:00:16]} a5 {[%emt 0:00:44]} 19. axb4 {[%emt 0:00:03]} axb4 {[%emt 0:00:02]} 20. Nbd2 {[%emt 0:00:03]} Nb6 {[%emt 0:00:28]} 21. Ba6 {[%emt 0:00:10]} Qd5 {[%emt 0:00:14]} 22. Bxb7 {[%emt 0:00:05]} Qxb7 {[%emt 0:00:01]} 23. Qb5 {[%emt 0:00:16]} Qa7 {[%emt 0:00:14]} 24. Ra1 {[%emt 0:00:09]} Qb7 {[%emt 0:00:10]} 25. Ne5 {[%emt 0:00:17]} Nh5 {[%emt 0:00:43]} 26. Ndc4 {[%emt 0:00:07]} Nxg3 {[%emt 0:00:01]} 27. hxg3 {[%emt 0:00:01]} Rb8 {[%emt 0:00:04]} 28. Nxb6 {[%emt 0:00:16]} Qxb6 {[%emt 0:00:23]} 29. Qxb6 {[%emt 0:00:02]} Rxb6 {[%emt 0:00:00]} 30. Nd7 {[%emt 0:00:01]} Rfb8 {[%emt 0:00:17]} 31. Nxb6 {[%emt 0:00:06]} Rxb6 {[%emt 0:00:02]} 32. Ra8+ {[%emt 0:00:06]} Kh7 {[%emt 0:00:01]} 33. Ra7 {[%emt 0:00:02]} Bf6 {[%emt 0:00:04]} 34. Rxf7 {[%emt 0:00:02]} Rd6 {[%emt 0:00:15]} 35. Rb7 {[%emt 0:00:07]} Bxd4 {[%emt 0:00:01]} 36. Kf1 {[%emt 0:00:07]} e5 {[%emt 0:00:01]} 37. Rxb4 {[%emt 0:00:03]} Rc6 {[%emt 0:00:00]} 38. Rd2 {[%emt 0:00:07]} Rc1+ {[%emt 0:00:01]} 39. Ke2 {[%emt 0:00:01]} Rg1 {[%emt 0:00:01]} 40. Kf3 {[%emt 0:00:07]} Kg6 {[%emt 0:00:00]} 41. Rbxd4 {[%emt 0:00:06]} exd4 {[%emt 0:00:01]} 42. Rxd4 {[%emt 0:00:01]} Rb1 {[%emt 0:00:00]} 43. b4 {[%emt 0:00:05]} Kf5 {[%emt 0:00:00]} 44. Rd7 {[%emt 0:00:06]} Rb3+ {[%emt 0:00:02]} 45. Ke2 {[%emt 0:00:04]} Rb2+ {[%emt 0:00:00]} 46. Ke3 {[%emt 0:00:01]} Rb3+ {[%emt 0:00:01]} 47. Rd3 {[%emt 0:00:07] Time (Lag: Av=0.47s, max=1.3s)} 1-0